Nové výzvy pre udržateľné penzijné systémy diplomová práca

Na minha lista:
Detalhes bibliográficos
Autor principal: Krýdl, Gabriel
Autor Corporativo: Národohospodárska fakulta EU. Katedra financií
Outros Autores: Ochotnický, Pavol
Formato: Livro
Idioma:eslovaco
Publicado em: Bratislava 2023
Tags: Adicionar Tag
Sem tags, seja o primeiro a adicionar uma tag!

MARC

LEADER 00000nbm a2200000 4500
001 0293097
005 20231107133301.1
041 0 |a slo 
044 |a SK 
245 1 0 |a Nové výzvy pre udržateľné penzijné systémy  |b diplomová práca  |c Gabriel Krýdl ; školiteľ: Pavol Ochotnický 
264 1 |a Bratislava  |c 2023 
300 |a 70 s. 
100 1 |a Krýdl, Gabriel 
700 1 |a Ochotnický, Pavol 
710 2 |a Národohospodárska fakulta EU. Katedra financií